| 000 | 01257nam a22003377a 4500 | ||
|---|---|---|---|
| 003 | CHAP | ||
| 005 | 20220329143309.0 | ||
| 008 | 080312d2001 es r 00110 spa d | ||
| 010 | _a94590 | ||
| 011 | _a95562 | ||
| 020 | _a8420529826 | ||
| 035 | _a106189 | ||
| 040 | _cCHAP | ||
| 082 | 0 | 4 |
_a658.1 _bG6 |
| 100 | 1 |
_aMoreno Luzón, María D. _978647 |
|
| 245 | 1 | 0 |
_aGestión de la calidad y diseño de organizaciones : _bteoría y estudios de casos _c/por María D. Moreno-Luzón, Fernando J. Peris Bonet y Tomás González Cruz |
| 260 |
_aMadrid : _bPerson Educación, _c2001 |
||
| 300 |
_axx, 432 p. : _bilus. ; gráfs. ; cuadros |
||
| 590 |
_aBATCH-UPD _b10 _c20130110 _lUCH01 _h0549 |
||
| 590 |
_aBATCH-UPD _b10 _c20130410 _lUCH01 _h0231 |
||
| 590 |
_aBATCH-UPD _b10 _c20130913 _lUCH01 _h1950 |
||
| 590 |
_aCONVERSION _b10 _c20130109 _lUCH01 _h1352 |
||
| 650 | 1 | 4 |
_aAdministración de empresas. _9922 |
| 650 | 1 | 4 |
_aOrganización. _983533 |
| 700 | 1 |
_aGonzález Cruz, Tomás. _948821 |
|
| 700 | 1 |
_aPeris Bonet, Fernando J. _987186 |
|
| 901 | _aBK | ||
| 942 | _cLIBRO | ||
| 949 |
_a658.1 G6 _bBC _cLIBRO _d33724002053149 _eLIBRO _gI.c/e _h109261 _i106189 _sb _t$280.80 |
||
| 949 |
_a658.1 G6 _bBC _cLIBRO _d33724002053553 _eLIBRO _fc.2 _gI.c/e _h109262 _i106189 _si _t$280.80 |
||
| 999 |
_c94590 _d94590 |
||